Medical gloves for single use. Part 2. Requirements and testing for physical properties (CD Form) (Record no. 73300)

MARC details
000 -LEADER
fixed length control field 00369nam a2200109Ia 4500
245 #0 - TITLE STATEMENT
Title Medical gloves for single use. Part 2. Requirements and testing for physical properties (CD Form)
260 ## - PUBLICATION, DISTRIBUTION, ETC. (IMPRINT)
Year of publication 2015
500 ## - GENERAL NOTE
General note Standard number: BS EN 455-2
650 ## - SUBJECT ADDED ENTRY--TOPICAL TERM
Topical Term Medical gloves-single use Physical properties
942 ## - ADDED ENTRY ELEMENTS (KOHA)
Koha item type Standards
Holdings
Withdrawn status Lost status Damaged status Not for loan Collection code Home library Current library Date acquired Koha item type
      Standards European standards RRII Library RRII Library 31/12/2021 Standards